000 00936nam a2200277Ia 4500
005 20220316235308.0
008 121119s1997 sp a jr 000 0 spa
020 _a8427249691
041 1 _aspa
082 0 4 _a797.21
_bR68J
100 1 _aRouse, Jeff,
245 1 0 _aJóvenes nadadores
_buna guía para disfrutar más la natación
_cJeff Rouse ; traducción, Ma. Angeles Cabré
250 _aPrimera edición
264 1 _aBarcelona
_bMolino
_c1997
300 _a37 páginas
_bilustraciones
_c28 cm.
336 _atexto
_btxt
_2rdacontent
337 _asin mediación
_bn
_2rdamedia
338 _avolumen
_bnc
_2rdacarrier
490 0 _aJóvenes activos
650 1 4 _2LEMB
_aNatación
_xEnseñanza elemental
650 1 4 _2LEMB
_aNatación
_xEstrategia y técnicas
650 1 4 _2LEMB
_aNatación
_xReglamentos
700 1 _aCabré, María de los Ángeles
_etraductor
_9117417
942 _2ddc
_cBK
040 _aCO-BoRNBP
_bspa
_erda
_cCO-BoRNBP
999 _c527
_d527